El urbanismo
I tiakina i:
| Kaituhi matua: | |
|---|---|
| Hōputu: | Pukapuka |
| Reo: | Pāniora |
| I whakaputaina: |
Buenos Aires
EUDEBA
1959
|
| Rangatū: | Colección Cuadernos, 11
|
| Ngā marau: | |
| Ngā Tūtohu: |
Tāpirihia he Tūtohu
Kāore He Tūtohu, Me noho koe te mea tuatahi ki te tūtohu i tēnei pūkete!
|
MARC
| LEADER | 00000nam a2200000 a 4500 | ||
|---|---|---|---|
| 001 | UCX8924 | ||
| 003 | CL-VaPUC | ||
| 008 | 940505e19590000AG |||||||||||||||||spa|d | ||
| 082 | 0 | 4 | |a 711 |b BAR |2 21 |
| 100 | |a Bardet, Gaston |e author |9 333504 | ||
| 245 | 1 | 3 | |a El urbanismo |
| 300 | |a 78 p | ||
| 942 | |c BK | ||
| 945 | |d 19940505 00:00:00 |a oaravena | ||
| 260 | |a Buenos Aires |b EUDEBA |c 1959 | ||
| 650 | 0 | |a Urbanismo |9 255208 | |
| 650 | 0 | |a Planificación urbana |9 258176 | |
| 583 | |a last modification |c 19940505 00:00:00 |k Rodrigo Vera | ||
| 490 | 0 | |a Colección Cuadernos, 11 | |
| 999 | |c 228290 |d 228288 | ||
| 952 | |0 0 |1 0 |4 0 |6 711_000000000000000_BAR_1959 |7 0 |8 P |9 228196 |a BIBARQ |b BIBARQ |d 2019-11-15 |i 2971011 |o 711 BAR 1959 |p 2971011 |r 2025-01-20 |w 2019-11-15 |y BK |k ARQ | ||